LEADER 01019nam0-22003251i-450- 001 990006897050403321 005 20060928124104.0 035 $a000689705 035 $aFED01000689705 035 $a(Aleph)000689705FED01 035 $a000689705 100 $a20010426d--------km-y0itay50------ba 101 0 $aita 105 $ay-------001yy 200 1 $a<>mense della "cittą futura"$eantropologia di un confinato antifascista napoletano$fCarmela Paolantonio$gprefazione di Guido D'Agostino. 210 $aNapoli$cAthena$dc 1989 215 $a187 p.$d21 cm 225 1 $aQuaderni dell'antifascista napoletano$v4 610 0 $aAntifascismo$aNapoli 676 $a320.532092$v21$zita 700 1$aPaolantonio,$bCarmela$0361280 801 0$aIT$bUNINA$gRICA$2UNIMARC 901 $aBK 912 $a990006897050403321 952 $aCOLLEZ. 1365 (4)$b9113$fFSPBC 952 $a320.532 PAO 1$bBibl.8322$fFLFBC 959 $aFSPBC 959 $aFLFBC 996 $aMense della cittą futura$9394743 997 $aUNINA